00537nam a2200205Ia 4500003000400000005001700004008004100021020001500062040001800077041000800095082002100103100002000124245003800144250001200182260003800194300002500232650002500257650002800282650002100310OSt20240814105052.0210716s1971 xx 000 0 und d a0553277375 cAIMIT LIBRARY aeng a374.22 21bTOFA aToffler, Alvin. aFuture shock /cBy Alvin Toffler. a1st ed. aNew York :bBantam books ,c1971. a561p. ;bPBc18.5 cm aDeath of performance aThe accelerative thrust aThe pace of life